| 000 | 02687nam0a2200361 4500 | ||
|---|---|---|---|
| 001 | RU\NLR\BIBL_A\022760010 | ||
| 005 | 20260608014430.0 | ||
| 010 |
_a978-5-93716-253-3 _9100 |
||
| 021 |
_aRU _bКН-П-26-005987 _9КН-П-26-0584 |
||
| 035 | _a(NLR Aleph) 022760010 | ||
| 090 |
_a13728252 _c13728252 |
||
| 100 | _a20260319d2025 k y0rusy50 ca | ||
| 101 | 0 |
_arus _aeng |
|
| 102 | _aRU | ||
| 105 | _aach z 110yy | ||
| 181 | 0 |
_ai3 _baxxe |
|
| 182 | 0 | _an | |
| 200 | 1 |
_aНикто не забыт, ничто не забыто! Вторая мировая война и её отражение в музыке _eк 80-летию со Дня Победы _eматериалы международной научно-практической очно-заочной конференции, 7 мая 2025 года _fМинистерство культуры Российской Федерации, Министерство культуры Республики Башкортостан, Уфимский государственный институт искусств имени Загира Исмагилова _gредакторы-составители: Ахметжанова Н. В. - кандидат искусствоведения, профессор [и др.] |
|
| 203 |
_aТекст _bвизуальный _cнепосредственный |
||
| 210 |
_aУфа _cУфимский государственный институт искусств имени Загира Исмагилова _d2025 |
||
| 215 |
_a99 с. _cил., портр., факс. _d22 |
||
| 300 | _aЧасть текста парал. на рус. и англ. яз. | ||
| 320 | _aБиблиогр. в конце ст. | ||
| 606 | 1 |
_aВторая мировая война _jСъезды, совещания и т.п _xв музыке _z1939 - 1945 _92686102 _3RU\NLR\AUTH\6601762706 |
|
| 686 | 1 | _aЩ313(0)6-3я431 | |
| 702 | 1 |
_4220 _7ca _8rus _aАхметжанова _bН. В. _f1946- _gНелли Васильевна _9248629 _3RU\NLR\AUTH\770248685 |
|
| 711 | 1 | 2 |
_a"Никто не забыт, ничто не забыто! Вторая мировая война и её отражение в музыке: к 80-летию со Дня Победы", международная научно-практическая очно-заочная конференция _eУфа _f2025 _92702948 _3RU\NLR\AUTH\880640751 |
| 712 | 0 | 1 |
_4570 _aРоссийская Федерация _bМинистерство культуры _9509042 _3RU\NLR\AUTH\8810005812 |
| 942 | _cBOOK | ||
| 980 | _aNB | ||